000 00607nam a2200229 i 4500
001 C2-0021211
003 PPAK
005 20190630221953.0
008 970204s1992 enka|||| ||||| | eng d
040 _aPPAK
_beng
_cPPAK
_erda
082 0 4 _a591.57
_223
090 0 0 _a591.57
_bBOM
_dR
100 1 _aBomford, Liz,
_eauthor
245 1 0 _aComouflage & colour
264 1 _aLondon :
_bBoxtree ,
_c1992
300 _a128 pages :
_billustrations ;
_c30 cm
336 _2rdacontent
_atext
337 _2rdamedia
_aunmediated
338 _2rdacarrier
_avolume
650 1 0 _aCamouflage (Biology)
942 _ddc
_cB
999 _c4415
_d4415